| 000 | 00000nam##2200000za#4500 |
| 001 | 9.664444 |
| 003 | CaOODSP |
| 005 | 20210615121631 |
| 007 | ta |
| 008 | 150407|2003||||xxc||||| f|0| 0 fre|d |
| 040 | |aCaOODSP|bfre |
| 041 | |aeng |
| 041 | |afre |
| 043 | |an-cn--- |
| 086 | 1 |aR2-261/2003 |
| 110 | 1 |aCanada.|bAffaires indiennes et du Nord. |
| 245 | 10|aAprès la rupture du mariage : |binformations sur le foyer matrimonial dans la réserve / |cPublié conjointement par Directions des questions féminines et de l'égalité entre les sexes (AINC) et Condition féminine Canada. |
| 260 | |aOttawa - Ontario : |bAffaires indiennes et du Nord |c2003. |
| 300 | |aTexte français, 10p. ; |c22 cm. |
| 500 | |aLe présent document fournit de l'information sur le foyer matrimonial situé dans une réserve après la rupture d'un mariage ou d'une union de fait. Comme le droit peut évoluer, le guide contient des indications sur les lois existantes au moment de sa rédaction.--page 1. |
| 563 | |aCouverture souple |
| 590 | |a03-09|b2003-02-28 |
| 691 | 07|aAutochtones|2gcpds |
| 691 | 07|aCongrès|2gcpds |
| 691 | 07|aMondialisation|2gcpds |
| 710 | 2 |aCondition féminine Canada. |
| 776 | 0#|tAprès la rupture du mariage : |w(CaOODSP)9.630924 |
| 776 | 0#|tAfter marriage breakdown : |w(CaOODSP)9.686456 |
| 791 | |tAfter marriage breakdown : |eeng|w(CaOODSP)9.664443 |
| 986 | |aQS-7042-000-BB-A1 |